| 000 | 00999nam a2200241Ii 4500 | ||
|---|---|---|---|
| 003 | JO-AjNU | ||
| 005 | 20250428121323.0 | ||
| 008 | 230605s9999||||xx |||||||||||||| ||und|| | ||
| 017 | _a2014/8/3889 | ||
| 020 | _a978-9957-32-436-0 | ||
| 040 |
_aJO-AjNU _bara _erda _cJO-AjNU |
||
| 041 | _aara | ||
| 050 | 1 | 4 | _aHF5548.32.T58 2014 |
| 100 | 1 |
_aالطيطي،خضر مصباح _928766 _eتأليف |
|
| 245 | 0 | 0 |
_aالتجارة الإلكترونية والاعمال الإلكترونية من منظور تقني وتجاري واداري= Electronic Commerce &Electronic Business from Technical,Business & Managerial Perspective / _cخضر مصباح الطيطي |
| 264 | 3 | 1 | _aعمان: دار الحامد، 2014 |
| 300 | _a377ص | ||
| 336 |
_atext _btxt _2rdacontent |
||
| 337 |
_aunmediated _bn _2rdamedia |
||
| 338 |
_avolume _bnc _2rdacarrier |
||
| 650 | 4 |
_aالتجارة الدولية-التجارة الإلكترونية-التوقيع الإلكتروني _963327 |
|
| 942 |
_2lcc _cBK |
||
| 999 |
_c32286 _d32286 |
||